| 000 | 00934pam a2200265 a 4500 | ||
|---|---|---|---|
| 999 |
_c3215 _d3215 |
||
| 001 | 2106525 | ||
| 003 | GBCCL | ||
| 005 | 20241126110450.0 | ||
| 008 | 960506r19961986txua 000 0 eng | ||
| 010 | _a 96021869 | ||
| 020 | _a0849913349 | ||
| 040 |
_aDLC _cDLC _dDLC |
||
| 050 | 0 | 0 |
_aBV4811 _b.G62 1996 |
| 082 | 0 | 0 |
_a242.2 _220 _bGRA |
| 100 | 1 |
_aGraham, Billy, _d1918- _9449 |
|
| 245 | 1 | 0 |
_aUnto the hills : _ba daily devotional / _cBilly Graham. |
| 260 |
_aDallas, Tex. : _bWord Pub., _cc1996. |
||
| 300 |
_avi, 457 p. : _bill. ; _c25 cm. |
||
| 500 | _aOriginally published: Waco, Tex. : Word Books, 1986. | ||
| 650 | 0 |
_aDevotional calendars. _91878 |
|
| 856 | 4 | 2 |
_3Publisher description _uhttp://www.loc.gov/catdir/enhancements/fy0609/96021869-d.html |
| 906 |
_a7 _bcbc _corignew _d1 _eocip _f19 _gy-gencatlg |
||
| 942 |
_2ddc _cBK |
||